[Event "World Amateur-ch U1700"]
[Site "Chalkidiki"]
[Date "2016.04.21"]
[Round "3"]
[White "Reischer, Gerhard"]
[Black "Gaspar, Ioan Dan"]
[Result "0-1"]
[WhiteElo "1572"]
[BlackElo "1698"]
[PlyCount "98"]
[EventDate "2016.04.19"]
[EventType "swiss"]
[EventRounds "9"]
[EventCountry "GRE"]
[SourceTitle "CBM 172 Extra"]
[Source "ChessBase"]
[SourceDate "2016.06.21"]
[SourceVersion "1"]
[SourceVersionDate "2016.06.21"]
[SourceQuality "1"]

1. e4 d5 2. exd5 Qxd5 3. Nc3 Qd6 4. Bc4 Nf6 5. d3 Bg4 6. Nge2 Nc6 7. Bf4 e5 8. Nb5 Qd7 9. Be3 a6 10. Nbc3 0-0-0 11. f3 Be6 12. Bb3 Ne8 13. 0-0 f5 14. f4 Bd6 15. fxe5 Bxe5 16. Nf4 Bxb3 17. axb3 g5 18. Nfe2 f4 19. Bf2 Nf6 20. Ne4 Nxe4 21. dxe4 Bxb2 22. Qxd7+ Rxd7 23. Rad1 Re7 24. Nd4 Rxe4 25. Nxc6 bxc6 26. Rfe1 Rhe8 27. Rxe4 Rxe4 28. Re1 Rxe1+ 29. Bxe1 Bd4+ 30. Kf1 Kd7 31. Ke2 Ke6 32. Kd3 Bg1 33. h3 Kf5 34. Ba5 Bb6 35. Bd2 h5 36. Ke2 Ke4 37. Bc3 g4 38. hxg4 hxg4 39. Bd2 Bd4 40. Ba5 Be5 41. Bd2 c5 42. Be1 c4 43. b4 Kd5 44. c3 c5 45. bxc5 Kxc5 46. Kd1 Kd5 47. Kc2 Ke4 48. Bf2 f3 49. gxf3+ Kxf3 0-1

[Event "Graz-ch B"]
[Site "Graz"]
[Date "2011.01.15"]
[Round "5"]
[White "Keim, Philipp"]
[Black "Reischer, Gerhard"]
[Result "0-1"]
[WhiteElo "1845"]
[BlackElo "1625"]
[PlyCount "78"]
[EventDate "2011.01.07"]
[EventType "swiss"]
[EventRounds "7"]
[EventCountry "AUT"]
[SourceTitle "EXT 2024"]
[Source "ChessBase"]
[SourceDate "2023.10.10"]
[SourceVersion "1"]
[SourceVersionDate "2023.10.10"]
[SourceQuality "1"]

1. Nf3 d5 2. c4 d4 3. g3 Nc6 4. d3 f6 5. Bg2 e5 6. 0-0 Nge7 7. a3 a5 8. b3 Nf5 9. Nbd2 Be7 10. Ne1 0-0 11. Nc2 Be6 12. Rb1 Qd7 13. Ne4 b6 14. b4 axb4 15. Nxb4 Nxb4 16. axb4 Ra2 17. b5 Nd6 18. Qb3 Ra5 19. Nxd6 Bxd6 20. Bd2 Ra3 21. Qb2 Qe7 22. Ra1 f5 23. f4 e4 24. Rxa3 Bxa3 25. Qb3 Bc5 26. Ra1 Qf7 27. Bb4 Qh5 28. Bxc5 bxc5 29. Ra2 h6 30. dxe4 Qf7 31. Ra4 fxe4 32. Bxe4 Bf5 33. Bd5 Be6 34. Be4 Qf6 35. Qa3 d3 36. exd3 Qd4+ 37. Kg2 Qe3 38. Qa2 g5 39. Qf2 Bh3+ 0-1

[Event "Graz-ch B"]
[Site "Graz"]
[Date "2011.01.09"]
[Round "3.3"]
[White "Allitsch, Dietmar"]
[Black "Reischer, Gerhard"]
[Result "0-1"]
[WhiteElo "1831"]
[BlackElo "1625"]
[PlyCount "50"]
[EventDate "2011.01.07"]
[EventType "swiss"]
[EventRounds "7"]
[EventCountry "AUT"]
[SourceTitle "EXT 2024"]
[Source "ChessBase"]
[SourceDate "2023.10.10"]
[SourceVersion "1"]
[SourceVersionDate "2023.10.10"]
[SourceQuality "1"]

1. Nf3 c5 2. c4 Nc6 3. Nc3 e5 4. g3 Nf6 5. d3 Be7 6. Bg2 d6 7. a3 h6 8. Rb1 a5 9. Bd2 Bd7 10. e3 Qc8 11. Na4 Bd8 12. Bc3 Bh3 13. 0-0 Bxg2 14. Kxg2 b6 15. Nd2 Ne7 16. Qf3 Rb8 17. d4 Ng6 18. dxe5 dxe5 19. Ne4 Nxe4 20. Qxe4 f5 21. Qd5 Qb7 22. Rbd1 Bc7 23. e4 Qxd5 24. exd5 Bd6 25. Rfe1 Kf7 0-1